000 00497cam a2200181 4500
001 D1093
008 090401t1984 xxu||||| |||| 00| 0 eng d
035 _a(Sirsi) u62516
041 _aeng
050 _a690.25
110 _aAssociation of Metropolitan Authorities
_91383
245 _aDefects in housing Part 2: industrialised and system built dwellings of the 1960s and 1970s
260 _aLondon
_bAMA
_c1984
300 _a55. 15p. 30cm
350 _a5
942 _n0
948 _c04/03/1997
999 _c94432
_d94432